| 000 | 02887nam a22006977a 4500 | ||
|---|---|---|---|
| 001 | 13723932 | ||
| 003 | LIBRIS | ||
| 005 | 20210426114830.0 | ||
| 008 | 121228s2012 enkab|||||||||001 0|eng|d | ||
| 016 | 7 |
_a016068784 _2Uk |
|
| 020 | _a9781780230306 | ||
| 020 | _a1780230303 | ||
| 035 | _aocn788269885 | ||
| 035 | _a(LTSCA)5918004 | ||
| 040 |
_aBTCTA _beng _cBTCTA _dBDX _dUKMGB _dYDXCP _dNLE _dOCLCO _dYNK _dCDX _dQGK _dBWX _dPIT _dAEU _dAlb _ea |
||
| 041 | _aeng | ||
| 050 | 4 |
_aDK675.4 _b.R39 2012 |
|
| 080 |
_a94 (479.22) _bR-29 |
||
| 082 | 0 | 4 |
_a947.58 _223 |
| 084 |
_aKoacc _2kssb/8 (machine generated) |
||
| 100 | 1 |
_aRayfield, Donald, _d1942- _4aut _0https://libris.kb.se/vs685k8d19z8hd8#it |
|
| 245 | 1 | 0 |
_aEdge of empires : _ba history of Georgia / Donald Rayfield _c/ by: Reaktion Books |
| 264 | 1 |
_aLondon _bReaktion Books _c2012 |
|
| 300 |
_a479 p. _bill., maps _c24 cm |
||
| 504 | _aIncludes bibliographical references and index. | ||
| 650 | 7 |
_aHistoria _0https://id.kb.se/term/sao/Historia _2sao |
|
| 650 | 0 |
_aHistory of Georgia _9120 |
|
| 650 | 0 |
_aHistory _0(DLC)sh 85061212 |
|
| 650 | 4 | _aHistoria | |
| 650 | 4 | _aGeorgien | |
| 650 | 4 | _aHistory | |
| 650 | 4 | _aGeorgia (Republic) | |
| 651 | 0 |
_aGeorgia (Republic) _xHistory. |
|
| 651 | 4 |
_aGeorgien _0https://libris.kb.se/c9prqbww1dnb7sx#it |
|
| 653 | _aსაქართველოს ისტორია | ||
| 887 |
_a{"@id":"2ldh0n6d0lrzdns","modified":"2014-03-07T09:50:32+01:00","checksum":"174655874923"} _2librisxl |
||
| 887 |
_a{"@id":"15ctktq61b8cskx","modified":"2012-12-28T09:24:20+01:00","checksum":"71465625955"} _2librisxl |
||
| 887 |
_a{"@id":"9fm7mvlg03zcsmr","modified":"2014-02-25T13:00:57+01:00","checksum":"71923977112"} _2librisxl |
||
| 887 |
_a{"@id":"qv2lbdnw3mzphd6","modified":"2013-09-23T10:13:59+02:00","checksum":"85392167281"} _2librisxl |
||
| 887 |
_a{"@id":"rw3lq2px33vz1mf","modified":"2013-06-05T16:30:33+02:00","checksum":"68996811575"} _2librisxl |
||
| 900 | 1 | s |
_6100 _d1942- _uRayfield, Donald, _d1942- |
| 900 | 1 | s |
_6100 _q(Donald), _d1942- _uRayfield, Donald, _d1942- |
| 900 | 1 | s |
_6100 _d1942- _uRayfield, Donald, _d1942- |
| 942 |
_2udc _cBK |
||
| 951 | s |
_6651 _aGruzien |
|
| 951 | s |
_6651 _aRepubliken Georgien |
|
| 951 | s |
_6651 _aSakartvelo |
|
| 951 | s |
_6651 _aSakartvelo Respublikis |
|
| 951 | s |
_6651 _aSakartvelos respublika |
|
| 999 |
_c1194 _d1194 |
||